000 00457nam a2200145Ia 4500
008 100122s9999 xx 000 0 und d
082 _b8181
_a640
100 _aआपटे ना ह
245 _aसुगरीणीचा संसार
260 _bआपटे आणि मंडळी
_c1941
300 _a60
630 _aसुगरीणीचा संसार
730 _aसुगरीणीचा संसार
942 _cBOOK
999 _c400561
_d400558